00644nam a2200193Ia 450000500170000000800410001704000180005804100080007608200200008410000240010424500750012825000120020326000550021530000310027065000450030165000380034665000420038470000240042620251121112817.0210716s1988 xx 000 0 und d cAIMIT LIBRARY aeng a006.3 21bHOLC aHolsapple, Clyde W. aBusiness expert systems /cBy Clyde W Hoisapple and Andrew B Whinston. a1st ed. aNew Delhi :bGalgotia Publication Pvt Ltd ,c1988. axviii,351p. ;bPBc23.5 cm aBusiness expert systems : basic concepts aBuilding a business expert system aWhat to look for : today and tomorrow aWhinston, Andrew B.